Science, technology, and the issues of the eighties : (Record no. 184811)

000 -LEADER
fixed length control field 02142 a2200265 4500
003 - CONTROL NUMBER IDENTIFIER
control field NUST
005 - DATE AND TIME OF LATEST TRANSACTION
control field 20221213182337.0
010 ## - LIBRARY OF CONGRESS CONTROL NUMBER
LC control number 82001983
020 ## - INTERNATIONAL STANDARD BOOK NUMBER
International Standard Book Number 0865313601 :
020 ## - INTERNATIONAL STANDARD BOOK NUMBER
International Standard Book Number 086531361X (pbk.) :
040 ## - CATALOGING SOURCE
Transcribing agency Nust
082 00 - DEWEY DECIMAL CLASSIFICATION NUMBER
Classification number 303.483,SCI
245 00 - TITLE STATEMENT
Title Science, technology, and the issues of the eighties :
Remainder of title policy outlook : a report prepared for the National Science Foundation in support of the second Five year outlook for science and technology /
Statement of responsibility, etc. edited by Albert H. Teich and Ray Thornton for the American Association for the Advancement of Science.
260 ## - PUBLICATION, DISTRIBUTION, ETC.
Place of publication, distribution, etc. Boulder, Colo :
Name of publisher, distributor, etc. Westview Press,
Date of publication, distribution, etc. 1982.
300 ## - PHYSICAL DESCRIPTION
Extent xiv, 290 p. ;
Dimensions 23 cm.
440 #0 - SERIES STATEMENT/ADDED ENTRY--TITLE
Title Westview special studies in science, technology, and public policy
9 (RLIN) 104801
505 0# - FORMATTED CONTENTS NOTE
Formatted contents note Applying science and technology to public purposes / Richard A. Rettig (Page-7),The institutional climate for innovation in industry / William J. Abernathy and Richard S. Rosenbloom (Page-27).Decision making with modern information and communications technology / Donald J. Hillman (Page-55),Relations of science, government, and industry / Charles Weiner (Pge-71),Choosing our pleasures and our poisons / William W. Lowrance (PAge-99),Science, technology, and international security / Eugene B. Skolnikoff (Page-133),U.S. policy towards scientific and technological development in the developing countries / Charles Weiss, Jr.(Page-159),U.S. agriculture in the context of the world food situation / Sylvan H. Wittwer(Page-191),Trends and prospects in world population / Michael Teitelbaum (Page-215),International security implications of materials and energy resource depletion / William A. Vogely (Page-233),Science and national defense / Kenneth E. Boulding (Page 253).
650 #0 - SUBJECT ADDED ENTRY--TOPICAL TERM
Topical term or geographic name entry element Science and state
Geographic subdivision United States
General subdivision Congresses.
9 (RLIN) 104802
650 #0 - SUBJECT ADDED ENTRY--TOPICAL TERM
Topical term or geographic name entry element Technology and state
Geographic subdivision United States
General subdivision Congresses.
9 (RLIN) 104803
700 1# - ADDED ENTRY--PERSONAL NAME
Personal name Teich, Albert H.
9 (RLIN) 104804
700 1# - ADDED ENTRY--PERSONAL NAME
Personal name Thornton, Ray,
Dates associated with a name 1928-
9 (RLIN) 104805
710 2# - ADDED ENTRY--CORPORATE NAME
Corporate name or jurisdiction name as entry element American Association for the Advancement of Science.
9 (RLIN) 103667
710 2# - ADDED ENTRY--CORPORATE NAME
Corporate name or jurisdiction name as entry element National Science Foundation (U.S.)
9 (RLIN) 19656
942 ## - ADDED ENTRY ELEMENTS (KOHA)
Source of classification or shelving scheme
Koha item type Book
Call number prefix 303.483,SCI
Holdings
Withdrawn status Lost status Source of classification or shelving scheme Damaged status Not for loan Permanent Location Current Location Shelving location Date acquired Full call number Barcode Date last seen Price effective from Koha item type Public note
          Military College of Signals (MCS) Military College of Signals (MCS) General Stacks 12/12/2016 303.483,SCI MCS3328 12/08/2016 12/12/2016 Book Almirah No.49, Shelf No.1
© 2023 Central Library, National University of Sciences and Technology. All Rights Reserved.